Check vocabulary for Toeic
Filled with illuminating questions and answers, this comprehensive workbook provides exercises to help teach and build vocabulary related to the TOEIC examination.
Shranjeno v:
| Glavni avtor: | |
|---|---|
| Format: | Knjiga |
| Jezik: | Undetermined |
| Izdano: |
London
Macmillian
2008
|
| Teme: | |
| Oznake: |
Označite
Brez oznak, prvi označite!
|
| Thư viện lưu trữ: | Trung tâm Học liệu Trường Đại học Cần Thơ |
|---|
| LEADER | 00717nam a2200217Ia 4500 | ||
|---|---|---|---|
| 001 | CTU_207294 | ||
| 008 | 210402s9999 xx 000 0 und d | ||
| 020 | |c 136000 | ||
| 082 | |a 428.0076 | ||
| 082 | |b W975 | ||
| 100 | |a Wyatt, Rawdon | ||
| 245 | 0 | |a Check vocabulary for Toeic | |
| 245 | 0 | |c Rawdon Wyatt | |
| 260 | |a London | ||
| 260 | |b Macmillian | ||
| 260 | |c 2008 | ||
| 520 | |a Filled with illuminating questions and answers, this comprehensive workbook provides exercises to help teach and build vocabulary related to the TOEIC examination. | ||
| 650 | |a English language,Tiếng Anh | ||
| 650 | |x Examination,Kỳ thi | ||
| 904 | |i Tuyến | ||
| 980 | |a Trung tâm Học liệu Trường Đại học Cần Thơ | ||